[Event "Ruhrgebiet Regionalliga 0405"]
[Site "Ruhrgebiet"]
[Date "2004.11.28"]
[Round "4.3"]
[White "Van Doeland, Julius"]
[Black "Schippan, Bernhard"]
[Result "1/2-1/2"]
[WhiteElo "2254"]
[BlackElo "2168"]
[PlyCount "93"]
[EventDate "2004.09.19"]
[EventType "team"]
[EventRounds "9"]
[EventCountry "GER"]
[SourceTitle "EXT 2006"]
[Source "ChessBase"]
[SourceDate "2005.11.24"]
[SourceVersion "1"]
[SourceVersionDate "2005.11.24"]
[SourceQuality "1"]
[WhiteTeam "Holsterhausen"]
[BlackTeam "Herne Sodingen"]
[WhiteTeamCountry "GER"]
[BlackTeamCountry "GER"]

1. c4 Nf6 2. g3 g6 3. b3 Bg7 4. Bb2 0-0 5. Bg2 c5 6. Nf3 Nc6 7. 0-0 d6 8. d3 a6 9. Na3 Rb8 10. Qc1 Bg4 11. Nc2 b5 12. h3 Bd7 13. Rd1 Qc8 14. Kh2 bxc4 15. dxc4 a5 16. Ne3 Nb4 17. Nd2 Bc6 18. Bxc6 Nxc6 19. Nd5 Qf5 20. Nxf6+ Bxf6 21. Kg2 Bxb2 22. Qxb2 a4 23. e4 Qe6 24. Qc3 axb3 25. axb3 Rb6 26. Rdb1 Rfb8 27. Ra4 Qd7 28. Rba1 Nd4 29. b4 Rxb4 30. Rxb4 Rxb4 31. Ra8+ Kg7 32. Qa1 Qc7 33. h4 h6 34. h5 Rb8 35. Ra7 Rb7 36. Ra2 Kh7 37. hxg6+ fxg6 38. Ra8 Rb8 39. Ra7 Rb7 40. Ra8 Qd7 41. Nf3 e5 42. Nxd4 cxd4 43. Qa5 Qg7 44. Qd5 Rd7 45. Rb8 h5 46. Rb6 Qe7 47. Ra6 1/2-1/2

[Event "Haarlem Nova College op 3rd"]
[Site "Haarlem"]
[Date "2004.07.03"]
[Round "3"]
[White "Miezis, Normunds"]
[Black "Van Doeland, Julius"]
[Result "1-0"]
[WhiteElo "2530"]
[BlackElo "2202"]
[PlyCount "53"]
[EventDate "2004.07.02"]
[EventType "swiss"]
[EventRounds "6"]
[EventCountry "NED"]
[SourceTitle "CBM 101 Extra"]
[Source "ChessBase"]
[SourceDate "2004.09.01"]
[SourceVersion "2"]
[SourceVersionDate "2004.09.01"]
[SourceQuality "1"]

1. c4 e5 2. Nc3 Nf6 3. g3 Bc5 4. Bg2 0-0 5. e3 Nc6 6. Nge2 Re8 7. 0-0 d6 8. d3 a6 9. a3 Ba7 10. b4 h6 11. h3 Bf5 12. Kh2 h5 13. e4 Be6 14. f4 exf4 15. Nxf4 Bd4 16. Nfe2 h4 17. Nxd4 Nxd4 18. gxh4 Nd7 19. Bg5 f6 20. Be3 c5 21. Bxd4 cxd4 22. Ne2 Qb6 23. Rf3 Ne5 24. Rg3 Kf7 25. Qg1 Rh8 26. Nxd4 Rxh4 27. Rxg7+ 1-0

[Event "Ruhrgebiet VL1 0304"]
[Site "Ruhrgebiet"]
[Date "2004.03.28"]
[Round "8.2"]
[White "Barthel, Ansgar"]
[Black "Van Doeland, Julius"]
[Result "1-0"]
[WhiteElo "2195"]
[BlackElo "2268"]
[PlyCount "97"]
[EventDate "2003.09.28"]
[EventType "team"]
[EventRounds "9"]
[EventCountry "GER"]
[SourceTitle "EXT 2007"]
[Source "ChessBase"]
[SourceDate "2006.11.23"]
[SourceVersion "1"]
[SourceVersionDate "2006.11.23"]
[SourceQuality "1"]
[WhiteTeam "Altstadt RE"]
[BlackTeam "Holsterhausen"]
[WhiteTeamCountry "GER"]
[BlackTeamCountry "GER"]

1. e4 d6 2. d4 Nf6 3. Nc3 c6 4. f4 Qa5 5. Bd3 Na6 6. e5 Bg4 7. Nf3 Nd5 8. Bd2 Nxc3 9. bxc3 e6 10. 0-0 g6 11. h3 Bxf3 12. Qxf3 d5 13. Rab1 b5 14. Qe2 Qb6 15. a4 Nc7 16. axb5 c5 17. dxc5 Bxc5+ 18. Kh1 h5 19. c4 0-0 20. f5 exf5 21. Bg5 dxc4 22. Bxc4 Rfe8 23. Rxf5 Ne6 24. Rf6 Qc7 25. Bxe6 Rxe6 26. Rxe6 fxe6 27. Qe4 Rf8 28. Qxg6+ Qg7 29. Qxe6+ Kh7 30. Bf6 Qg6 31. Rd1 Rg8 32. Qd7+ Kh6 33. Qd2+ Kh7 34. Qd7+ Kh6 35. Qd2+ Kh7 36. Qd3 Qxd3 37. Rxd3 Re8 38. g3 Kg6 39. Kg2 Bb6 40. Rd7 Rc8 41. g4 Rxc2+ 42. Kf3 hxg4+ 43. hxg4 Rc5 44. Rg7+ Kh6 45. g5+ Kh5 46. Kf4 Rc1 47. Rh7+ Kg6 48. Rh6+ Kf7 49. e6+ 1-0

[Event "Hoogeveen Essent op"]
[Site "Hoogeveen"]
[Date "2003.10.10"]
[Round "1"]
[White "Hebden, Mark"]
[Black "Van Doeland, Julius"]
[Result "1-0"]
[WhiteElo "2560"]
[BlackElo "2273"]
[PlyCount "80"]
[EventDate "2003.10.10"]
[EventType "swiss"]
[EventRounds "9"]
[EventCountry "NED"]
[SourceTitle "CBM 096 Extra"]
[Source "ChessBase"]
[SourceDate "2003.10.22"]
[SourceVersion "2"]
[SourceVersionDate "2003.10.20"]
[SourceQuality "1"]

1. d4 d5 2. Nf3 c6 3. c4 Nf6 4. e3 Bg4 5. h3 Bxf3 6. Qxf3 e6 7. Bd3 Be7 8. 0-0 0-0 9. Nc3 Nbd7 10. Rd1 Qa5 11. Bd2 Qb6 12. Rab1 Rad8 13. Be1 Kh8 14. Qe2 c5 15. cxd5 exd5 16. Bb5 a6 17. Bxd7 Rxd7 18. Na4 Qe6 19. dxc5 d4 20. b3 dxe3 21. Qxe3 Qxe3 22. fxe3 Rc7 23. b4 Re8 24. Rd3 h5 25. Nc3 Rc6 26. Bh4 b6 27. cxb6 Rxb6 28. Bxf6 Bxf6 29. Nd5 Rc6 30. Nxf6 Rxf6 31. Rf1 Rb6 32. Rxf7 Rxb4 33. Rdd7 Rxe3 34. Rxg7 h4 35. Rh7+ Kg8 36. Rdg7+ Kf8 37. Ra7 Kg8 38. Rhc7 Re8 39. Rxa6 Rb1+ 40. Kh2 Rb2 1-0

[Event "Cappelle op 19th"]
[Site "Cappelle la Grande"]
[Date "2003.02.22"]
[Round "1"]
[White "Van Doeland, Julius"]
[Black "Apicella, Manuel"]
[Result "0-1"]
[WhiteElo "2293"]
[BlackElo "2501"]
[PlyCount "80"]
[EventDate "2003.02.22"]
[EventType "swiss"]
[EventRounds "9"]
[EventCountry "FRA"]
[SourceTitle "CBM 092 Extra"]
[Source "ChessBase"]
[SourceDate "2003.03.07"]
[SourceVersion "1"]
[SourceVersionDate "2003.03.07"]
[SourceQuality "1"]

1. c4 Nf6 2. Nc3 g6 3. e4 d6 4. d4 Bg7 5. Nf3 0-0 6. h3 Na6 7. Bg5 h6 8. Be3 e5 9. d5 Nc5 10. Nd2 a5 11. a3 Nfd7 12. g4 a4 13. Rg1 Kh7 14. Qf3 c6 15. 0-0-0 Qa5 16. Na2 cxd5 17. cxd5 Nb3+ 18. Nxb3 axb3 19. Nb4 Nc5 20. Kb1 Bd7 21. Nd3 Na4 22. Bd2 Qa7 23. Be3 Nc3+ 24. Kc1 Qa4 25. bxc3 Qxa3+ 26. Kd2 Qa2+ 27. Ke1 b2 28. Nxb2 Qxb2 29. Bd2 Ra1 30. Rxa1 Qxa1+ 31. Qd1 Ra8 32. Be2 Qb2 33. Bc1 Qxc3+ 34. Qd2 Qxh3 35. Qb2 Ra4 36. f3 Bf6 37. Be3 Rxe4 38. Bf2 Qxf3 39. Kf1 Qh3+ 40. Rg2 Bxg4 0-1

[Event "Hoogeveen Essent op"]
[Site "Hoogeveen"]
[Date "2001.10.20"]
[Round "9"]
[White "Van Doeland, Julius"]
[Black "Hernandez, Gustavo2222"]
[Result "1-0"]
[WhiteElo "2292"]
[BlackElo "2265"]
[PlyCount "149"]
[EventDate "2001.10.12"]
[EventType "swiss"]
[EventRounds "9"]
[EventCountry "NED"]
[SourceTitle "CBM 084 Extra"]
[Source "ChessBase"]
[SourceDate "2001.10.26"]
[SourceVersion "1"]
[SourceVersionDate "2001.10.26"]
[SourceQuality "1"]

1. c4 Nf6 2. Nc3 g6 3. e4 c5 4. Nf3 d6 5. d4 cxd4 6. Nxd4 Nc6 7. Be2 Bg7 8. Be3 0-0 9. 0-0 Bd7 10. Rc1 Nxd4 11. Bxd4 Bc6 12. Qd3 a5 13. b3 Nd7 14. Bxg7 Kxg7 15. Rfe1 Nc5 16. Qe3 e5 17. f4 exf4 18. Qxf4 Qf6 19. Qxf6+ Kxf6 20. Rcd1 Rad8 21. Bd3 Rfe8 22. Bc2 Ke6 23. Rd2 Kd7 24. e5 Kc7 25. Rf1 Re7 26. Nd5+ Bxd5 27. Rxd5 Rxe5 28. Rxf7+ Rd7 29. Rxd7+ Kxd7 30. Rxe5 dxe5 31. Kf2 Ke6 32. Ke3 b6 33. h4 Na6 34. Be4 Nc5 35. Bb1 Kf6 36. g3 h5 37. Bc2 Kf7 38. Bd1 Kf6 39. Bc2 Kf7 40. Kd2 Kf6 41. Kc3 Na6 42. a3 g5 43. b4 gxh4 44. gxh4 axb4+ 45. axb4 Nc7 46. Bd1 Kg6 47. Bf3 Ne6 48. Kd3 Kf5 49. Ke3 Nd4 50. Bd1 Nc6 51. b5 Na5 52. Be2 Kf6 53. Ke4 Ke6 54. c5 bxc5 55. Bxh5 Nb7 56. Bg4+ Ke7 57. Kd5 c4 58. b6 c3 59. Bf5 Nd6 60. Bc2 e4 61. Kd4 Kd7 62. h5 Kc6 63. Kxc3 Kxb6 64. Kd4 Kc7 65. Ke5 Kd7 66. Kf6 Ne8+ 67. Kf7 Nd6+ 68. Kg6 Ke7 69. h6 Nf7 70. h7 Nh8+ 71. Kg7 e3 72. Bd3 e2 73. Bxe2 Nf7 74. Bh5 Nh8 75. Kxh8 1-0

[Event "Hoogeveen Essent op"]
[Site "Hoogeveen"]
[Date "2001.10.18"]
[Round "7"]
[White "Van Doeland, Julius"]
[Black "Hendriks, Richard V"]
[Result "1-0"]
[WhiteElo "2292"]
[BlackElo "2113"]
[PlyCount "65"]
[EventDate "2001.10.12"]
[EventType "swiss"]
[EventRounds "9"]
[EventCountry "NED"]
[SourceTitle "CBM 084 Extra"]
[Source "ChessBase"]
[SourceDate "2001.10.26"]
[SourceVersion "1"]
[SourceVersionDate "2001.10.26"]
[SourceQuality "1"]

1. d4 e6 2. c4 Nf6 3. Nc3 Bb4 4. Qc2 0-0 5. a3 Bxc3+ 6. Qxc3 b5 7. cxb5 c6 8. Nf3 cxb5 9. e3 Bb7 10. Bd3 Nc6 11. 0-0 Rc8 12. Qe1 Na5 13. Nd2 Qc7 14. f3 e5 15. Ne4 Nxe4 16. fxe4 d6 17. Qd1 Qd7 18. d5 a6 19. Be2 Qe7 20. b3 Qc7 21. Bd2 Rce8 22. Rb1 Bc8 23. Qe1 Nb7 24. Rc1 Qe7 25. b4 Qg5 26. Rf3 Qg6 27. Rg3 Qxe4 28. Bf3 Qf5 29. e4 Qd7 30. Bh6 g6 31. Bxf8 Rxf8 32. Bg4 f5 33. Bxf5 1-0

[Event "Hoogeveen Essent op"]
[Site "Hoogeveen"]
[Date "2001.10.13"]
[Round "2"]
[White "Van der Weide, Karel"]
[Black "Van Doeland, Julius"]
[Result "1-0"]
[WhiteElo "2457"]
[BlackElo "2292"]
[PlyCount "131"]
[EventDate "2001.10.12"]
[EventType "swiss"]
[EventRounds "9"]
[EventCountry "NED"]
[SourceTitle "CBM 084 Extra"]
[Source "ChessBase"]
[SourceDate "2001.10.26"]
[SourceVersion "1"]
[SourceVersionDate "2001.10.26"]
[SourceQuality "1"]

1. e4 e5 2. Nf3 Nc6 3. Bb5 a6 4. Bxc6 dxc6 5. 0-0 Qf6 6. d4 exd4 7. Bg5 Qd6 8. Qxd4 Qxd4 9. Nxd4 Bd7 10. Nc3 Be7 11. Bxe7 Nxe7 12. Rad1 c5 13. Nde2 Bc6 14. Nf4 0-0 15. Rd2 Rfd8 16. Rfd1 Rxd2 17. Rxd2 Kf8 18. f3 Rc8 19. Kf2 Ng6 20. Nxg6+ hxg6 21. h4 b6 22. Ke3 a5 23. Ne2 Ke7 24. Nf4 Bb7 25. e5 Bc6 26. e6 fxe6 27. Nxg6+ Kf6 28. Nf4 a4 29. a3 Ra8 30. g3 Re8 31. Nd3 e5 32. Nf2 Ke6 33. Nh3 Kf6 34. Ng5 Ke7 35. h5 Rf8 36. Rh2 Rh8 37. Rh4 Kf6 38. Ne4+ Ke7 39. Nd2 Be8 40. g4 Ke6 41. Nf1 Bg6 42. Rh2 Be8 43. Ng3 Bc6 44. Nf5 Kf6 45. h6 gxh6 46. Rxh6+ Rxh6 47. Nxh6 Bd7 48. f4 Kg6 49. g5 exf4+ 50. Kxf4 Be6 51. Ng4 Ba2 52. Ne5+ Kg7 53. Nf3 Bb1 54. c3 Ba2 55. Kf5 Bb3 56. Nh4 Bd5 57. g6 Bb3 58. Kg5 b5 59. Nf5+ Kf8 60. Kf6 b4 61. Nh6 bxa3 62. bxa3 Ke8 63. g7 Bd5 64. g8Q+ Bxg8 65. Nxg8 Kd7 66. c4 1-0

[Event "NED-ch51 sf"]
[Site "Enschede"]
[Date "1995.11.11"]
[Round "8"]
[White "Van Doeland, Julius"]
[Black "Zagema, Wieb"]
[Result "1-0"]
[WhiteElo "2290"]
[BlackElo "2395"]
[PlyCount "61"]
[EventDate "1995.11.03"]
[EventType "swiss"]
[EventRounds "9"]
[EventCountry "NED"]
[SourceTitle "EXT 1997"]
[Source "ChessBase"]
[SourceDate "1996.11.15"]
[SourceVersion "1"]
[SourceVersionDate "1996.11.15"]
[SourceQuality "1"]

1. Nf3 c5 2. c4 Nc6 3. Nc3 e5 4. g3 g6 5. d3 Bg7 6. Bg2 Nge7 7. 0-0 0-0 8. Ne1 d6 9. Nc2 h6 10. Ne3 Nd4 11. Ned5 Nec6 12. e3 Ne6 13. f4 f5 14. a3 Bd7 15. Rb1 Be8 16. Bd2 Rc8 17. b4 b6 18. b5 Nb8 19. Kh1 g5 20. e4 gxf4 21. gxf4 Nxf4 22. Nxf4 exf4 23. Nd5 Nd7 24. exf5 Rxf5 25. Nxf4 Ne5 26. Ne6 Rxf1+ 27. Qxf1 Qh4 28. Bd5 Ng4 29. Nxg7+ Kh8 30. Qf8+ Kh7 31. Qg8+ 1-0

[Event "NED-ch50 sf"]
[Site "Enschede"]
[Date "1994.11.06"]
[Round "6"]
[White "Van Doeland, Julius"]
[Black "Theulings, Paul Peter"]
[Result "1/2-1/2"]
[WhiteElo "2310"]
[BlackElo "2065"]
[PlyCount "123"]
[EventDate "1994.10.28"]
[EventType "swiss"]
[EventRounds "9"]
[EventCountry "NED"]
[SourceTitle "EXT 2003"]
[Source "ChessBase"]
[SourceDate "2002.11.25"]
[SourceVersion "1"]
[SourceVersionDate "2002.11.25"]
[SourceQuality "1"]

1. c4 Nf6 2. Nc3 e5 3. Nf3 Nc6 4. a3 a5 5. e3 d6 6. d4 Bg4 7. Be2 Be7 8. h3 Bh5 9. d5 Nb8 10. 0-0 0-0 11. Ra2 Na6 12. Nd2 Bg6 13. f4 exf4 14. exf4 Bf5 15. g4 Bd7 16. Bd3 c6 17. Nf3 cxd5 18. cxd5 Nc5 19. Bc2 b5 20. b4 Qc7 21. bxc5 Qxc5+ 22. Qd4 b4 23. Ne4 Qxd4+ 24. Nxd4 Nxd5 25. Bb3 Nf6 26. Re2 a4 27. Bc2 d5 28. Nxf6+ Bxf6 29. Rd1 b3 30. Bf5 Bxf5 31. Nxf5 Rab8 32. Bb2 Bxb2 33. Rxb2 g6 34. Ne7+ Kg7 35. Nxd5 Rfd8 36. Nc3 Rxd1+ 37. Nxd1 Rc8 38. Kf2 Rc1 39. Ke2 Ra1 40. Nc3 Rxa3 41. Kd3 Ra1 42. Rb1 Rxb1 43. Nxb1 Kf6 44. Kd4 Ke6 45. Na3 b2 46. Nb1 h6 47. Ke4 Kd6 48. Kd4 Kc6 49. Na3 Kd6 50. Nc4+ Ke7 51. Na3 Kd6 52. f5 Kc6 53. h4 Kd6 54. Nb1 Kc6 55. Na3 Kd6 56. h5 gxh5 57. gxh5 Kc6 58. Kc4 Kd6 59. Kd4 Kc6 60. Kc4 Kd6 61. Kd4 Kc6 62. Kc4 1/2-1/2

[Event "NED-ch50 sf"]
[Site "Enschede"]
[Date "1994.10.30"]
[Round "3"]
[White "Van Doeland, Julius"]
[Black "Galje, Hans"]
[Result "1/2-1/2"]
[WhiteElo "2310"]
[BlackElo "2070"]
[PlyCount "91"]
[EventDate "1994.10.28"]
[EventType "swiss"]
[EventRounds "9"]
[EventCountry "NED"]
[SourceTitle "EXT 2003"]
[Source "ChessBase"]
[SourceDate "2002.11.25"]
[SourceVersion "1"]
[SourceVersionDate "2002.11.25"]
[SourceQuality "1"]

1. c4 Nf6 2. Nc3 c5 3. Nf3 d5 4. cxd5 Nxd5 5. g3 Nc6 6. Bg2 Nc7 7. 0-0 e5 8. d3 Be7 9. Nd2 Bd7 10. Nc4 f6 11. f4 b5 12. Ne3 exf4 13. Rxf4 Rc8 14. Nf5 Ne6 15. Rf2 Ncd4 16. Nxe7 Qxe7 17. e3 Nc6 18. Nxb5 0-0 19. Nc3 Ng5 20. Nd5 Qd6 21. Nf4 Ne5 22. Qb3+ Kh8 23. Bd2 Bc6 24. e4 Rfd8 25. h4 Ngf7 26. Nd5 Rb8 27. Qc3 Bxd5 28. exd5 Nd7 29. Bf4 Nfe5 30. Rc1 Qa6 31. d4 cxd4 32. Qxd4 Qxa2 33. Rfc2 a5 34. Qd1 Qb3 35. Qf1 Nb6 36. Bxe5 fxe5 37. Qe1 Nxd5 38. Qxe5 Qe3+ 39. Qxe3 Nxe3 40. Re2 Nxg2 41. Kxg2 h6 42. Rc5 Rb3 43. Rxa5 Rdd3 44. h5 Rxg3+ 45. Kf2 Rh3 46. Kg2 1/2-1/2

[Event "Groningen op"]
[Site "Groningen"]
[Date "1994.??.??"]
[Round "6"]
[White "Dvoirys, Semen I"]
[Black "Van Doeland, Julius"]
[Result "1-0"]
[WhiteElo "2535"]
[BlackElo "2310"]
[PlyCount "83"]
[EventDate "1994.12.??"]
[EventType "swiss"]
[EventRounds "11"]
[EventCountry "NED"]
[SourceTitle "CBM 045 Extra"]
[Source "ChessBase"]
[SourceDate "1995.05.01"]
[SourceVersion "1"]
[SourceVersionDate "1995.05.01"]
[SourceQuality "1"]

1. e4 c5 2. Nf3 d6 3. d4 cxd4 4. Nxd4 Nf6 5. Nc3 Nc6 6. Bg5 e6 7. Qd2 a6 8. 0-0-0 Bd7 9. f4 h6 10. Bxf6 Qxf6 11. Nf3 Qd8 12. f5 Be7 13. Bc4 Qa5 14. fxe6 fxe6 15. Kb1 Qc5 16. Bb3 Na5 17. Na4 Nxb3 18. cxb3 Qa7 19. Ne5 Rf8 20. Nxd7 Kxd7 21. Qa5 Ke8 22. Nb6 Rd8 23. Qh5+ Rf7 24. Rhf1 Bf6 25. Nc4 Qb8 26. e5 dxe5 27. Rxd8+ Qxd8 28. Nxe5 Qc7 29. Nxf7 Qxf7 30. Qxf7+ Kxf7 31. Kc2 Ke7 32. b4 Be5 33. h3 Bd4 34. b3 Be5 35. Kd3 Bd6 36. a3 Ke8 37. Kc4 b5+ 38. Kd4 Ke7 39. g4 Ke8 40. Rf3 Ke7 41. h4 Ke8 42. g5 1-0

[Event "Groningen op"]
[Site "Groningen"]
[Date "1994.??.??"]
[Round "4"]
[White "Graf, Rena"]
[Black "Van Doeland, Julius"]
[Result "1/2-1/2"]
[WhiteElo "2155"]
[BlackElo "2310"]
[PlyCount "151"]
[EventDate "1994.12.??"]
[EventType "swiss"]
[EventRounds "11"]
[EventCountry "NED"]
[SourceTitle "EXT 1997"]
[Source "ChessBase"]
[SourceDate "1996.11.15"]
[SourceVersion "1"]
[SourceVersionDate "1996.11.15"]
[SourceQuality "1"]

1. d4 Nf6 2. c4 e6 3. Nc3 Bb4 4. e3 b6 5. Nge2 Ne4 6. f3 Nxc3 7. bxc3 Be7 8. Ng3 h5 9. Bd3 h4 10. Ne2 Nc6 11. 0-0 Ba6 12. e4 Na5 13. c5 Qc8 14. Bf4 bxc5 15. Bxa6 Qxa6 16. Bxc7 Rc8 17. Bf4 Nc4 18. d5 e5 19. Bc1 Rb8 20. f4 d6 21. Qd3 Qa4 22. Kh1 Bf6 23. Ng1 exf4 24. Bxf4 Be5 25. Bxe5 Nxe5 26. Qe3 Rh6 27. h3 Rb2 28. Rab1 Qxa2 29. Rxb2 Qxb2 30. Rf2 Qb1 31. Qe2 c4 32. Qa2 Qxa2 33. Rxa2 Rf6 34. Rxa7 Rf4 35. Ne2 Rf1+ 36. Kh2 Rf2 37. Nd4 g6 38. Kg1 Rb2 39. Ra6 Ke7 40. Nc6+ Kf6 41. Na7 Kg5 42. Rxd6 Kf4 43. Nc6 Kg3 44. Kf1 Rf2+ 45. Ke1 Nd3+ 46. Kd1 Rxg2 47. e5 Kf4 48. Na5 Nxe5 49. Rc6 Ra2 50. Rc5 Nd3 51. Rb5 Nf2+ 52. Kc1 Ne4 53. Nxc4 Nxc3 54. Rc5 Ne4 55. Rc7 f5 56. d6 Ra8 57. d7 Rd8 58. Nb6 Nd6 59. Kd1 g5 60. Rc6 Ke5 61. Ke2 g4 62. Kf2 g3+ 63. Kf3 Nf7 64. Rg6 Kd4 65. Kf4 Rb8 66. Kxf5 Ke3 67. Nc8 Rb7 68. Ke6 Rxd7 69. Rg4 Rc7 70. Ne7 Ra7 71. Kxf7 Kf3 72. Rxh4 g2 73. Rg4 Ra1 74. Rxg2 Kxg2 75. h4 Rh1 76. Ng6 1/2-1/2

[Event "Groningen op"]
[Site "Groningen"]
[Date "1994.??.??"]
[Round "2"]
[White "Sazonova, Elena"]
[Black "Van Doeland, Julius"]
[Result "1/2-1/2"]
[WhiteElo "2190"]
[BlackElo "2310"]
[PlyCount "59"]
[EventDate "1994.12.??"]
[EventType "swiss"]
[EventRounds "11"]
[EventCountry "NED"]
[SourceTitle "EXT 1997"]
[Source "ChessBase"]
[SourceDate "1996.11.15"]
[SourceVersion "1"]
[SourceVersionDate "1996.11.15"]
[SourceQuality "1"]

1. e4 c5 2. c3 Nf6 3. e5 Nd5 4. d4 cxd4 5. cxd4 e6 6. Nf3 d6 7. Bc4 Nb6 8. Bd3 Nc6 9. Nc3 Nb4 10. Bb1 h6 11. 0-0 Bd7 12. a3 N4d5 13. Ne4 Ba4 14. Qe2 a6 15. Bd3 Nd7 16. exd6 N7f6 17. Nc5 Bd7 18. Nxb7 Qb6 19. Nc5 Bxd6 20. Ne5 Bxe5 21. dxe5 Qxc5 22. exf6 Nxf6 23. Bxa6 0-0 24. Be3 Qd6 25. Bc4 Bc6 26. b4 Rfc8 27. b5 Be4 28. f3 Bd5 29. Bxd5 Nxd5 30. Bf2 1/2-1/2

[Event "Groningen op"]
[Site "Groningen"]
[Date "1994.??.??"]
[Round "5"]
[White "Van Doeland, Julius"]
[Black "Borek, Jutta"]
[Result "1-0"]
[WhiteElo "2310"]
[BlackElo "2105"]
[PlyCount "81"]
[EventDate "1994.12.??"]
[EventType "swiss"]
[EventRounds "11"]
[EventCountry "NED"]
[SourceTitle "EXT 1997"]
[Source "ChessBase"]
[SourceDate "1996.11.15"]
[SourceVersion "1"]
[SourceVersionDate "1996.11.15"]
[SourceQuality "1"]

1. c4 c5 2. g3 Nf6 3. Bg2 d5 4. cxd5 Nxd5 5. Nc3 Nc7 6. d3 e5 7. Be3 Be7 8. Rc1 Nd7 9. Nf3 0-0 10. Nd2 Rb8 11. 0-0 Bg5 12. Bxg5 Qxg5 13. Nce4 Qe7 14. Nc4 Ne8 15. Ne3 b6 16. Nf5 Qe6 17. Bh3 Kh8 18. Qa4 g6 19. Ng5 Qf6 20. Qh4 h5 21. f4 Nd6 22. Nxd6 Qxd6 23. Ne4 Qd4+ 24. Rf2 f5 25. Rc4 Qd5 26. Qg5 Kg7 27. Nc3 Qf7 28. fxe5 Nxe5 29. Rh4 Qf6 30. Qe3 Bb7 31. Ne4 Qc6 32. d4 Ng4 33. Bxg4 fxg4 34. Rxh5 gxh5 35. Qg5+ Qg6 36. Qe7+ Rf7 37. Qe5+ Kh6 38. Rxf7 Qxf7 39. Qg5+ Kh7 40. Nf6+ Kh8 41. Qh6+ 1-0

[Event "Politiken Cup 14th"]
[Site "Copenhagen"]
[Date "1992.06.27"]
[Round "6"]
[White "Van Doeland, Julius"]
[Black "Hald, Jens Erik Kofoed"]
[Result "1/2-1/2"]
[WhiteElo "2295"]
[BlackElo "2220"]
[PlyCount "111"]
[EventDate "1992.06.22"]
[EventType "swiss"]
[EventRounds "10"]
[EventCountry "DEN"]
[SourceTitle "EXT 2002"]
[Source "ChessBase"]
[SourceDate "2001.11.25"]
[SourceVersion "1"]
[SourceVersionDate "2001.11.25"]
[SourceQuality "1"]

1. Nf3 Nf6 2. g3 g6 3. Bg2 Bg7 4. c4 d6 5. d4 c6 6. Nc3 0-0 7. 0-0 Qa5 8. e4 Bg4 9. h3 Bxf3 10. Bxf3 a6 11. Rb1 c5 12. d5 Nbd7 13. Qc2 b5 14. b3 Rab8 15. Be2 bxc4 16. Bxc4 Rfc8 17. f4 Nb6 18. Bd2 Nxc4 19. bxc4 Qc7 20. Kg2 Nd7 21. Na4 Bd4 22. Rb3 Qd8 23. Rfb1 Rxb3 24. axb3 Qf8 25. Rf1 Qg7 26. Rf3 Rf8 27. Nc3 Rb8 28. Ne2 Bf6 29. Qa2 Qf8 30. Qa4 Qc8 31. Ba5 Bg7 32. Rd3 Nf6 33. Re3 h5 34. e5 Nh7 35. exd6 exd6 36. Bc3 Bxc3 37. Nxc3 Qf5 38. Re8+ Rxe8 39. Qxe8+ Kg7 40. Qe4 Qf6 41. Qe3 Qf5 42. Ne4 Nf6 43. Nxd6 Qc2+ 44. Kg1 Qd1+ 45. Kf2 Qc2+ 46. Qe2 Qxb3 47. Qe5 Qc2+ 48. Ke3 Qc1+ 49. Kd3 Qd1+ 50. Kc3 Qc1+ 51. Kb3 Qb1+ 52. Qb2 Qd1+ 53. Ka3 Qe1 54. Ka4 Kf8 55. Qb8+ Kg7 56. Qb2 1/2-1/2

[Event "Politiken Cup 14th"]
[Site "Copenhagen"]
[Date "1992.06.25"]
[Round "4"]
[White "Sahl, Bjarke"]
[Black "Van Doeland, Julius"]
[Result "1-0"]
[WhiteElo "2375"]
[BlackElo "2295"]
[PlyCount "67"]
[EventDate "1992.06.22"]
[EventType "swiss"]
[EventRounds "10"]
[EventCountry "DEN"]
[SourceTitle "EXT 2002"]
[Source "ChessBase"]
[SourceDate "2001.11.25"]
[SourceVersion "1"]
[SourceVersionDate "2001.11.25"]
[SourceQuality "1"]

1. e4 e6 2. d4 d5 3. Nd2 dxe4 4. Nxe4 Bd7 5. Nf3 Bc6 6. Bd3 Nd7 7. 0-0 Ngf6 8. Nxf6+ Nxf6 9. Re1 Bxf3 10. Qxf3 c6 11. c3 Qc7 12. Bg5 Be7 13. a3 h6 14. Bd2 Bd6 15. h3 0-0-0 16. b4 Qd7 17. Be3 Nd5 18. Bd2 Nf6 19. Rab1 Bc7 20. Bc4 Rde8 21. b5 Bb6 22. bxc6 Qxc6 23. Qd3 Rd8 24. Bf4 Bc7 25. Bb5 Qd5 26. Bxc7 Kxc7 27. Qg3+ Qd6 28. Qxg7 Qe7 29. Qg3+ Kc8 30. Re5 Rd5 31. Bc6 Nh5 32. Rxh5 Rxh5 33. Bxb7+ Kd7 34. Bf3 1-0

[Event "Politiken Cup 14th"]
[Site "Copenhagen"]
[Date "1992.06.24"]
[Round "3"]
[White "Van Doeland, Julius"]
[Black "Yakovich, Yuri"]
[Result "1/2-1/2"]
[WhiteElo "2295"]
[BlackElo "2525"]
[PlyCount "71"]
[EventDate "1992.06.22"]
[EventType "swiss"]
[EventRounds "10"]
[EventCountry "DEN"]
[SourceTitle "EXT 2002"]
[Source "ChessBase"]
[SourceDate "2001.11.25"]
[SourceVersion "1"]
[SourceVersionDate "2001.11.25"]
[SourceQuality "1"]

1. Nf3 d5 2. c4 dxc4 3. Qa4+ Nd7 4. Qxc4 a6 5. Qc2 c5 6. g3 b5 7. Bg2 Bb7 8. 0-0 Ngf6 9. b3 e5 10. Bb2 Bd6 11. Nh4 Bxg2 12. Kxg2 0-0 13. Nf5 Qb6 14. Nc3 Rfe8 15. e4 Rad8 16. d3 Nb8 17. Ne3 Nc6 18. Ncd5 Nxd5 19. Nxd5 Qb7 20. Qe2 Ne7 21. Nxe7+ Rxe7 22. f3 Red7 23. Rfd1 Qb6 24. Bc1 a5 25. Be3 Qa6 26. Rac1 Rc7 27. Qf2 a4 28. Rc2 Bf8 29. b4 Rcd7 30. Bxc5 Rxd3 31. Rxd3 Rxd3 32. Bxf8 Kxf8 33. Qc5+ Qd6 34. Qxb5 Rd2+ 35. Rxd2 Qxd2+ 36. Kh3 1/2-1/2

[Event "Paris-ch op"]
[Site "Paris"]
[Date "1992.??.??"]
[Round "4"]
[White "Degraeve, Jean Marc"]
[Black "Van Doeland, Julius"]
[Result "1-0"]
[WhiteElo "2470"]
[BlackElo "2295"]
[PlyCount "43"]
[EventDate "1992.04.??"]
[EventType "swiss"]
[EventRounds "9"]
[EventCountry "FRA"]
[SourceTitle "EXT 1997"]
[Source "ChessBase"]
[SourceDate "1996.11.15"]
[SourceVersion "1"]
[SourceVersionDate "1996.11.15"]
[SourceQuality "1"]

1. e4 c5 2. Nf3 Nc6 3. Bb5 e6 4. 0-0 Nge7 5. c3 a6 6. Ba4 d5 7. exd5 Qxd5 8. d4 b5 9. c4 bxc4 10. Nc3 Qd8 11. d5 exd5 12. Nxd5 Bd7 13. Re1 Ra7 14. Bf4 f6 15. Nd2 Kf7 16. Nxc4 Ng6 17. Bb3 Nd4 18. Nc7 Be7 19. Qh5 Kf8 20. Rxe7 Ne2+ 21. Rxe2 Nxf4 22. Qxc5+ 1-0